000 00541nam a22001817a 4500
999 _c170104
_d170104
005 20191211104739.0
010 _aB-731123
020 _c695.00
035 _aB-731123
037 _bDBAD / PUB
_adpl
082 _a485
100 _aPrashar, Reema
245 _aTeach your self English grammar and composition /
_cby Reema Prashar
260 _aDelhi
_bNavyug Sahitya
_c2018
270 _a485-A/3, First floor, Bholanth Nagar, Shahdra
_bDelhi
_e110032
300 _a300p.:
_c23cm(Hb)
942 _2ddc
_cEN
_h485
_mPRA